=LDR 00000nam 2200000 4500 =001 INLIS000000001052345 =005 20240826125355 =035 ##$$a 0010-0824000163 =007 ta =008 240826################a##########j###### =020 ##$$a 978-89-6329-644-9 =082 ##$$a 028.55 =084 ##$$a 028.55 CHO c =100 #$$a Choi Eun-gyu =245 1#$$a Cuaca adalah trik sulap /$c Choi Eun-gyu =260 ##$$a Gyeonggi-do :$b Korea Tolstoi =300 ##$$a 31 hlm. : $b ilus. ; $c 26 cm =650 #4$$a Bacaan kanak-kanak =990 ##$$a 17351735